Raumforschung und Raumordnung

Saved in:
Bibliographic Details
Format: Serial
Language:German
Published: Köln Heymann 1980
Tags: Add Tag
No Tags, Be the first to tag this record!

MARC

LEADER 00000nas2a2200000 4500
001 s124965
005 20250730114226.8
041 0 |a ger 
044 |a DE 
245 1 0 |a Raumforschung und Raumordnung 
264 1 |a Köln  |b Heymann  |c 1980 
300 |a 1 zv. 
773 0 |w eu_un_cat*s122790